000 00419nam a2200157Ia 4500
008 220216s9999 xx 000 0 und d
100 _aEstilai Ali
_cet al
245 0 _aCorrelations and path analyses of agronomic traits in guayule
260 _bCrop Science
_c1992
300 _a953-957
500 _aSource Year: 1992
650 _aGuayule
650 _aParthenium argentatum Gray
856 _uBA
942 _cJS
999 _c56411
_d56411